[Event "Tournoi francophone 015"]
[Site "Skype"]
[Date "????.??.??"]
[Round "5.30"]
[White "Busto, Ricardo"]
[Black "Scata, Laura"]
[Result "0-1"]
[WhiteElo "1152"]
[BlackElo "1366"]
[PlyCount "82"]

1. Nf3 c6 2. d4 d5 3. Bf4 Nf6 4. e3 Nh5 5. Bg3 Bg4 6. Be2 Nd7 7. Ne5 Bxe2 8.
Qxe2 Nxg3 9. hxg3 g6 10. Nd2 Bg7 11. Ndf3 Qc7 12. Nxd7 Qxd7 13. Ne5 Qd6 14. f4
g5 15. O-O-O Bxe5 16. fxe5 Qg6 17. Kb1 O-O-O 18. Qd3 Qxd3 19. Rxd3 e6 20. Rf1
Rdf8 21. Rf6 Kd7 22. Kc1 h5 23. Rd1 Rh7 24. Rff1 Ke7 25. Kd2 f6 26. exf6+ Rxf6
27. Rxf6 Kxf6 28. Rf1+ Ke7 29. Ke2 Rf7 30. Rxf7+ Kxf7 31. b3 Kf6 32. c4 Kf5 33.
Kf3 g4+ 34. Kf2 Ke4 35. Ke2 b6 36. cxd5 exd5 37. Kd2 a6 38. a3 c5 39. Kc3 cxd4+
40. exd4 Ke3 41. Kb4 Kxd4 0-1

[Event "Tournoi francophone 015"]
[Site "Skype"]
[Date "????.??.??"]
[Round "5.31"]
[White "Sauvaget, Joel"]
[Black "Rodriguez Tovar, Liliana"]
[Result "1/2-1/2"]
[WhiteElo "1290"]
[BlackElo "1036"]
[PlyCount "27"]

1. d4 d5 2. c4 Nf6 3. e3 c6 4. Nf3 e6 5. Be2 Bd6 6. Nc3 Nbd7 7. h3 O-O 8. O-O
Re8 9. a3 e5 10. dxe5 Nxe5 11. Nxe5 Bxe5 12. cxd5 Nxd5 13. Nxd5 Qxd5 14. Qc2
1/2-1/2

[Event "Tournoi francophone 015"]
[Site "Skype"]
[Date "????.??.??"]
[Round "5.32"]
[White "Hargez, Dany"]
[Black "Garganese, Paolo"]
[Result "0-1"]
[WhiteElo "1296"]
[BlackElo "1199"]
[PlyCount "120"]

1. e4 c5 2. Nf3 d6 3. d4 cxd4 4. Nxd4 Nf6 5. Bd3 Nc6 6. c3 g6 7. O-O Bg7 8. Bf4
O-O 9. Qd2 Nh5 10. Bh6 Ne5 11. Bxg7 Nxg7 12. Be2 Bd7 13. f4 Nc6 14. Qe3 Qb6 15.
b3 e5 16. fxe5 dxe5 17. Nc2 Qc7 18. Nd2 a6 19. Nf3 Ne6 20. Qh6 Ne7 21. Ng5 Nxg5
22. Qxg5 Be6 23. c4 b5 24. Ne3 bxc4 25. Nxc4 Qc5+ 26. Kh1 Nc6 27. Ne3 Qe7 28.
Qg3 Nd4 29. Bd3 f6 30. Ng4 Bxg4 31. Qxg4 Kg7 32. Bc4 h5 33. Qd1 a5 34. h4 Rad8
35. Bd3 Rh8 36. Rc1 Rdf8 37. Rc4 g5 38. Qc1 Kh6 39. hxg5+ fxg5 40. Rd1 Rf4 41.
Rc8 Rh7 42. g3 Rg4 43. Kh2 h4 44. gxh4 Rxh4+ 45. Kg2 Kg6 46. Rh1 Rxh1 47. Rg8+
Rg7 48. Rxg7+ Kxg7 49. Qxh1 g4 50. Qh5 Qe6 51. Qg5+ Qg6 52. Qxe5+ Qf6 53. Qg3
Qf3+ 54. Kh2 Qxg3+ 55. Kxg3 Kf6 56. Kxg4 Ke5 57. Bb1 Ne6 58. a4 Nc5 59. Bc2
Nxe4 60. Bxe4 Kxe4 0-1

[Event "Tournoi francophone 015"]
[Site "Skype"]
[Date "????.??.??"]
[Round "5.33"]
[White "Farfallini, Michel"]
[Black "Ramirez, Luis Antonio"]
[Result "1-0"]
[WhiteElo "1446"]
[BlackElo "1017"]
[PlyCount "39"]

1. d4 d5 2. Nf3 f6 3. Bf4 Nc6 4. c4 e6 5. Nh4 Bd6 6. e3 Bxf4 7. Qh5+ Kd7 8.
cxd5 Qe8 9. dxe6+ Qxe6 10. Ng6 Nxd4 11. Nf8+ Ke7 12. Nxe6 Nxe6 13. exf4 Nxf4
14. Qf3 Ne6 15. Bc4 Nc5 16. O-O c6 17. Qe3+ Be6 18. Bxe6 Nxe6 19. Re1 Re8 20.
Qxe6+ 1-0

[Event "Tournoi francophone 015"]
[Site "Skype"]
[Date "????.??.??"]
[Round "5.34"]
[White "Vincent, Andre"]
[Black "Hampton, Irene"]
[Result "1-0"]
[WhiteElo "1377"]
[BlackElo "1000"]
[PlyCount "47"]

1. d4 d5 2. Bf4 e6 3. Nf3 f6 4. e3 Nc6 5. Be2 Nge7 6. Nbd2 Ng6 7. Bg3 Be7 8.
O-O O-O 9. c3 b6 10. Qc2 Bb7 11. Bd3 f5 12. Ne5 Bh4 13. Nxg6 hxg6 14. Nf3 Bxg3
15. fxg3 Kf7 16. h4 Rh8 17. Ng5+ Kf6 18. Qf2 Rc8 19. g4 Ke7 20. gxf5 Qf8 21.
fxe6 Nd8 22. Bxg6 Nxe6 23. Qf7+ Kd6 24. Qxe6# 1-0

[Event "Tournoi francophone 015"]
[Site "Skype"]
[Date "????.??.??"]
[Round "5.35"]
[White "Ibanez, Bittor"]
[Black "Rodgerson, Michael"]
[Result "1-0"]
[WhiteElo "1330"]
[BlackElo "1000"]
[PlyCount "57"]

1. c4 Nc6 2. Nf3 e5 3. e4 Bb4 4. a3 Bc5 5. b4 Bb6 6. c5 Bxc5 7. bxc5 d5 8. cxd6
Qxd6 9. Bc4 Nge7 10. Ng5 Bd7 11. Bxf7+ Kd8 12. Bd5 Nd4 13. Nf7+ Kc8 14. Nxd6+
Kb8 15. Bxb7 cxd6 16. Bxa8 Kxa8 17. Bb2 Ne6 18. d4 Kb7 19. dxe5 Rc8 20. Nc3 Rc4
21. Qb3+ Kc7 22. exd6+ Kxd6 23. Rd1+ Nd4 24. Qxc4 a5 25. Rxd4+ Nd5 26. Qxd5+
Ke7 27. Qxd7+ Kf6 28. Qf5+ Ke7 29. Rd7+ 1-0

[Event "Tournoi francophone 015"]
[Site "Skype"]
[Date "????.??.??"]
[Round "5.36"]
[White "Maccaferri, Massimo"]
[Black "Vervoort, Jean-Louis"]
[Result "0-1"]
[WhiteElo "1074"]
[BlackElo "1273"]
[PlyCount "126"]

1. b3 d5 2. Ba3 Nd7 3. e3 e6 4. Bxf8 Nxf8 5. g4 e5 6. Nf3 Bxg4 7. Be2 Bxf3 8.
Bxf3 e4 9. Bh5 Nh6 10. f3 Qe7 11. Nc3 O-O-O 12. Qe2 g6 13. Bg4+ f5 14. Bh3 Qh4+
15. Qf2 Qxh3 16. d3 Ne6 17. fxe4 Ng4 18. Qg1 Nxe3 19. Ke2 Nxc2 20. Rf1 Ned4+
21. Kd1 Ne3+ 22. Kd2 Nxf1+ 23. Qxf1 Qxf1 24. Rxf1 dxe4 25. dxe4 Nf3+ 26. Ke3
Nxh2 27. Rc1 Rhe8 28. Kf4 h5 29. exf5 Rf8 30. Rh1 Ng4 31. Kg5 gxf5 32. Rxh5 Nf6
33. Rh6 Ng8 34. Rh4 Ne7 35. Nb5 Rg8+ 36. Kf4 Rg4+ 37. Rxg4 fxg4 38. Kxg4 Rg8+
39. Kf4 Kb8 40. Ke4 Rg2 41. a4 Rb2 42. Nd4 Nc6 43. Nxc6+ bxc6 44. Kd4 Rxb3 45.
Kc4 Rb6 46. Kc5 Ra6 47. Kb4 c5+ 48. Kb5 Kb7 49. a5 c4 50. Kxc4 Rxa5 51. Kb4 Rh5
52. Kb3 a5 53. Ka4 c5 54. Kb5 c4+ 55. Kxc4 Kb6 56. Kb3 Kb5 57. Ka3 Rh3+ 58. Kb2
Kb4 59. Ka2 a4 60. Kb2 a3+ 61. Ka2 Rh2+ 62. Kb1 Kb3 63. Kc1 a2 0-1

[Event "Tournoi francophone 015"]
[Site "Skype"]
[Date "????.??.??"]
[Round "5.37"]
[White "Yepez, German"]
[Black "Trapletti, Cosetta"]
[Result "1-0"]
[WhiteElo "1191"]
[BlackElo "1000"]
[PlyCount "99"]

1. d4 d5 2. Bf4 Bf5 3. Nd2 Nf6 4. e3 e6 5. Ndf3 Nbd7 6. Nh4 Bg4 7. f3 Bh5 8. g4
Bg6 9. Nxg6 hxg6 10. Bg3 c5 11. c3 c4 12. Bg2 Qe7 13. Qa4 a6 14. Ne2 b5 15. Qc2
e5 16. dxe5 Nxe5 17. Qd2 Nd3+ 18. Kf1 Qe6 19. Nd4 Qd7 20. Ke2 Bd6 21. Raf1 Bxg3
22. hxg3 Rg8 23. Kd1 Qd6 24. Rh3 a5 25. a3 b4 26. cxb4 axb4 27. axb4 Ra1+ 28.
Ke2 Ra2 29. Rb1 Ra5 30. b5 Qb6 31. e4 dxe4 32. Qe3 Kd7 33. g5 Nh5 34. Bf1 Re8
35. Nc6 Qc7 36. f4 Rxb5 37. Ne5+ Kc8 38. g4 Nxb2 39. gxh5 gxh5 40. Rxh5 f6 41.
gxf6 gxf6 42. Ng6 c3 43. Rh1 c2 44. Ra1 Qc4+ 45. Kf2 Nd3+ 46. Bxd3 Qc3 47. Ra8+
Kc7 48. Rh7+ Kd6 49. Ra6+ Kd5 50. Rd7# 1-0

[Event "Tournoi francophone 015"]
[Site "Skype"]
[Date "????.??.??"]
[Round "5.38"]
[White "Tolaro, Filippa"]
[Black "Abate, Luigi"]
[Result "0-1"]
[WhiteElo "1086"]
[BlackElo "1169"]
[PlyCount "110"]

1. d4 d5 2. Bf4 Nc6 3. Nf3 a6 4. e3 e6 5. Bd3 Bb4+ 6. c3 Ba5 7. Nbd2 b5 8. O-O
Nge7 9. Ne5 f6 10. Qh5+ g6 11. Nxg6 Nxg6 12. Bxg6+ Kd7 13. Bd3 Qe8 14. Qh4 Qe7
15. a3 e5 16. dxe5 Nxe5 17. Bf5+ Kd8 18. Bxc8 Nd3 19. Bb7 Rb8 20. Bxd5 Nxb2 21.
Nb3 Bxc3 22. Qg3 Rc8 23. Rac1 c6 24. Rxc3 cxd5 25. Rxc8+ Kxc8 26. Rc1+ Nc4 27.
Na5 Qxa3 28. Qg4+ Kd8 29. Nc6+ Ke8 30. Rf1 Nd2 31. Qc8+ Kf7 32. Qxh8 Nxf1 33.
Kxf1 Qc1+ 34. Ke2 Qc2+ 35. Kf3 Qxc6 36. Qxh7+ Ke6 37. Qh6 d4+ 38. e4 b4 39. Bg5
Ke5 40. Bxf6+ Qxf6+ 41. Qxf6+ Kxf6 42. Kf4 Ke6 43. e5 b3 44. Ke4 b2 45. Kxd4
b1=Q 46. f4 Qg1+ 47. Kc4 Qxg2 48. h4 Qg4 49. Kb3 Qxf4 50. h5 Qh4 51. h6 Qxh6
52. Kb4 Qd2+ 53. Kc5 a5 54. Kb5 Qb4+ 55. Ka6 a4 0-1

[Event "Tournoi francophone 015"]
[Site "Skype"]
[Date "????.??.??"]
[Round "5.39"]
[White "Fernandez, Raquel"]
[Black "Ortis, Yves"]
[Result "0-1"]
[WhiteElo "1038"]
[BlackElo "1096"]
[PlyCount "74"]

1. e4 d6 2. d4 c6 3. Nf3 Nd7 4. Nc3 h6 5. Bc4 Ngf6 6. O-O b5 7. Bb3 b4 8. Ne2
Ba6 9. a3 Qb6 10. axb4 Bb7 11. d5 Nxe4 12. Be3 Qc7 13. dxc6 Bxc6 14. Ned4 g6
15. Nxc6 Qxc6 16. Bxa7 Bg7 17. c3 O-O 18. Bd4 e5 19. Be3 Ndf6 20. Bc2 Rfd8 21.
Bxe4 Nxe4 22. Rxa8 Qxa8 23. c4 Qc8 24. Qc1 Qa8 25. Re1 Kh7 26. Bb6 Rc8 27. Rxe4
Qxe4 28. Qe3 Qb1+ 29. Ne1 Rxc4 30. g3 Rxb4 31. Kg2 d5 32. Bd8 d4 33. Qd2 Qe4+
34. Nf3 Rb3 35. Kf1 Qxf3 36. Qc2 Re3 37. Bb6 Qh1# 0-1

[Event "Tournoi francophone 015"]
[Site "Skype"]
[Date "????.??.??"]
[Round "5.40"]
[White "Schnell, Nicolas"]
[Black "Dhenain, Sebastien"]
[Result "0-1"]
[WhiteElo "1003"]
[BlackElo "1086"]
[PlyCount "76"]

1. e4 e6 2. Nf3 Nc6 3. Bc4 Nf6 4. e5 Ng8 5. d4 d5 6. Bd3 Bb4+ 7. Nc3 Bxc3+ 8.
bxc3 Nge7 9. O-O O-O 10. Ng5 g6 11. Qg4 h5 12. Qf3 Kg7 13. Bf4 Bd7 14. Rab1 b6
15. Ba6 Bc8 16. Bd3 f6 17. Nxe6+ Bxe6 18. exf6+ Rxf6 19. Qg3 Bf5 20. Qg5 Ng8
21. Bxf5 Rxf5 22. Qg4 hxg4 23. Rbe1 Rxf4 24. g3 Re4 25. Rd1 Qd7 26. f3 gxf3 27.
Rxf3 Rf8 28. Rdf1 Rxf3 29. Rxf3 Re1+ 30. Kg2 Re2+ 31. Kf1 Qe7 32. h3 Rh2 33.
Rf2 Rh1+ 34. Kg2 Qe4+ 35. Rf3 Re1 36. g4 Re3 37. Kg3 Qxf3+ 38. Kh4 Qxh3+ 0-1

[Event "Tournoi francophone 015"]
[Site "Skype"]
[Date "????.??.??"]
[Round "5.41"]
[White "Moraga Vasquez, Michael"]
[Black "Rodriguez, Nathalie"]
[Result "1/2-1/2"]
[WhiteElo "1008"]
[BlackElo "1167"]
[PlyCount "65"]

1. e4 c5 2. Nf3 Nc6 3. d3 d5 4. Nbd2 dxe4 5. dxe4 e6 6. c3 Nf6 7. Bd3 Be7 8.
O-O h6 9. Re1 O-O 10. a4 a6 11. Nc4 Re8 12. e5 Nd5 13. Bc2 Na5 14. Qd3 f5 15.
exf6 Bxf6 16. Nxa5 Qxa5 17. Re4 Qd8 18. Rg4 e5 19. Rg6 e4 20. Qc4 exf3 21. Bxh6
fxg2 22. Rd1 Re5 23. Rxg2 Be6 24. f4 Rh5 25. Qe4 Bf5 26. Qxd5+ Qxd5 27. Rxd5
Rxh6 28. Rxf5 Re8 29. Kf1 Bh4 30. Rg4 Re1+ 31. Kg2 Re2+ 32. Kh3 Re3+ 33. Kg2
1/2-1/2

[Event "Tournoi francophone 015"]
[Site "Skype"]
[Date "????.??.??"]
[Round "5.42"]
[White "Esformes, Jacques"]
[Black "Cassano, Mariangela"]
[Result "1-0"]
[WhiteElo "1052"]
[BlackElo "1000"]
[PlyCount "69"]

1. d4 Nf6 2. f3 e5 3. c3 Be7 4. e4 d6 5. Bb5+ c6 6. Ba4 O-O 7. Bg5 h6 8. Bxf6
Bxf6 9. Qe2 d5 10. Nd2 Nd7 11. Bb3 exd4 12. cxd4 Bxd4 13. Rb1 Qh4+ 14. g3 Qf6
15. f4 g5 16. Ngf3 Bc3 17. O-O Re8 18. bxc3 Nc5 19. e5 Qf5 20. Rbc1 Be6 21. Nd4
Qh3 22. Nxe6 fxe6 23. Bc2 Rad8 24. Qg2 g4 25. Qxh3 gxh3 26. Rf2 Re7 27. Rcf1
Rf7 28. f5 exf5 29. Rxf5 Rdf8 30. e6 Nxe6 31. Nb3 b6 32. Rxf7 Rxf7 33. Bg6 Rf6
34. Rxf6 Kh8 35. Rxe6 1-0

[Event "Tournoi francophone 015"]
[Site "Skype"]
[Date "????.??.??"]
[Round "5.43"]
[White "Gagnon, Sindy"]
[Black "Blanchard, Colette"]
[Result "0-1"]
[WhiteElo "1000"]
[BlackElo "1000"]
[PlyCount "40"]

1. e4 c6 2. Nc3 d5 3. exd5 cxd5 4. Qh5 Nf6 5. Qf3 e6 6. Qe3 Be7 7. Bb5+ Nc6 8.
Nge2 O-O 9. Nf4 a6 10. Bd3 Bd6 11. Nce2 Nb4 12. Nxe6 fxe6 13. Nd4 Nxd3+ 14.
cxd3 Re8 15. h3 Bd7 16. f3 Bg3+ 17. Kd1 Qc7 18. Nb3 Rac8 19. d4 Ba4 20. d3 Qc2#
0-1

[Event "Tournoi francophone 015"]
[Site "Skype"]
[Date "????.??.??"]
[Round "6.1"]
[White "Meyer, Eric"]
[Black "Rapaire, Jean-Michel"]
[Result "1/2-1/2"]
[WhiteElo "1664"]
[BlackElo "1739"]
[PlyCount "59"]

1. d4 d6 2. e4 e5 3. Nf3 exd4 4. Nxd4 Nf6 5. Nc3 Be7 6. Be2 Bd7 7. O-O Nc6 8.
Nxc6 Bxc6 9. f3 O-O 10. Bc4 h6 11. Be3 a6 12. a4 Qe8 13. Qd2 Nh7 14. Bd5 Bf6
15. Bxc6 bxc6 16. b3 Qb8 17. Rad1 Re8 18. Qd3 Nf8 19. Ne2 Nd7 20. f4 Nf8 21.
Ng3 Qb4 22. Kh1 Qc3 23. Qe2 Nh7 24. Rd3 Qb4 25. Bd2 Qb8 26. Nf5 Kh8 27. Qf3 Qc8
28. Bc3 Qe6 29. Ng3 Bxc3 30. Rxc3 1/2-1/2

[Event "Tournoi francophone 015"]
[Site "Skype"]
[Date "????.??.??"]
[Round "6.3"]
[White "Hurtado De Mendoza, Ramon Miguel"]
[Black "Deville, Olivier"]
[Result "0-1"]
[WhiteElo "1487"]
[BlackElo "1807"]
[PlyCount "41"]

1. e4 c5 2. Nf3 d6 3. b3 Nf6 4. Nc3 Nc6 5. Bb2 e6 6. d4 cxd4 7. Nxd4 Be7 8. g4
Nxd4 9. Qxd4 e5 10. Bb5+ Bd7 11. Bxd7+ Qxd7 12. Qd3 Qxg4 13. Qb5+ Qd7 14. Qxd7+
Kxd7 15. O-O-O Rhd8 16. Ba3 Rac8 17. Kb2 Rxc3 18. Kxc3 Nxe4+ 19. Kd3 Nxf2+ 20.
Ke2 Nxh1 21. Rxh1 0-1

[Event "Tournoi francophone 015"]
[Site "Skype"]
[Date "????.??.??"]
[Round "6.4"]
[White "Caputi, Giuliano"]
[Black "Castellanos Gonzalez, Mariano"]
[Result "1-0"]
[WhiteElo "1782"]
[BlackElo "1000"]
[PlyCount "79"]

1. e4 c6 2. d4 d5 3. e5 Bf5 4. Nf3 Nd7 5. Be2 e6 6. O-O Qc7 7. c3 c5 8. Nbd2
cxd4 9. cxd4 Qc2 10. Qxc2 Bxc2 11. Ne1 Rc8 12. Nxc2 Rxc2 13. Bd3 Rc8 14. f4 Bb4
15. a3 Bxd2 16. Bxd2 Ne7 17. g4 a6 18. h4 h5 19. g5 b5 20. f5 Nb6 21. fxe6 fxe6
22. b3 Rf8 23. Rxf8+ Kxf8 24. Bb4 Ke8 25. Bc5 Nd7 26. b4 Nf5 27. Bxf5 exf5 28.
a4 Kf7 29. axb5 axb5 30. Ra7 Ke6 31. Ra6+ Kf7 32. e6+ Ke8 33. exd7+ Kxd7 34.
Ra7+ Kc6 35. Rxg7 Re8 36. Re7 Ra8 37. g6 f4 38. g7 Ra1+ 39. Kf2 Ra2+ 40. Kf3
1-0

[Event "Tournoi francophone 015"]
[Site "Skype"]
[Date "????.??.??"]
[Round "6.5"]
[White "Ambrosino, Theo"]
[Black "Lambert, Pierre"]
[Result "1-0"]
[WhiteElo "1412"]
[BlackElo "1647"]
[PlyCount "115"]

1. c4 c5 2. Nc3 Nf6 3. e4 Nc6 4. d3 g6 5. Nf3 d6 6. h3 Bg7 7. Be3 a6 8. Be2 Rb8
9. a4 O-O 10. O-O Nd7 11. Rb1 Nd4 12. Re1 b6 13. Nd5 e6 14. Nf4 Nxe2+ 15. Nxe2
b5 16. axb5 axb5 17. cxb5 Rxb5 18. d4 Bb7 19. Nc3 Ra5 20. b4 cxb4 21. Rxb4 Bc6
22. Qc2 Qa8 23. Reb1 Rc8 24. Qd3 Ra3 25. R4b3 Rxb3 26. Rxb3 Rb8 27. Rxb8+ Qxb8
28. Qa6 Qb7 29. Qxb7 Bxb7 30. Nd2 Kf8 31. f3 Ke7 32. Nb5 Bc6 33. Na7 Ba4 34.
Nc8+ Kf6 35. Nxd6 Ke7 36. N6c4 Kd8 37. Kf2 Kc7 38. e5 Bf8 39. Ne4 Bb3 40. Ncd2
Bd5 41. Ng5 Bb4 42. Nxf7 Nb6 43. Ng5 h6 44. Nf7 h5 45. Nh8 Bc6 46. Nxg6 Be8 47.
Nf4 Kd7 48. Ne4 Bf7 49. Nf6+ Ke7 50. N6xh5 Bxh5 51. Nxh5 Nd5 52. Nf4 Nc7 53.
Ke2 Kf7 54. Kd3 Be7 55. Kc4 Bf8 56. d5 exd5+ 57. Nxd5 Nxd5 58. Kxd5 1-0

[Event "Tournoi francophone 015"]
[Site "Skype"]
[Date "????.??.??"]
[Round "6.6"]
[White "Amato, Ludovica"]
[Black "Leyton Calderon, Jairo Oswaldo"]
[Result "0-1"]
[WhiteElo "1346"]
[BlackElo "1526"]
[PlyCount "76"]

1. e4 c5 2. Nf3 g6 3. d4 cxd4 4. Nxd4 Bg7 5. Be3 Nf6 6. Nc3 Nc6 7. Be2 Qa5 8.
O-O O-O 9. Qd2 Nxe4 10. Nxc6 Qxc3 11. Nxe7+ Kh8 12. bxc3 Nxd2 13. Bxd2 Re8 14.
Nxg6+ hxg6 15. Bf3 d6 16. Rfe1 Bf5 17. Bxb7 Rxe1+ 18. Rxe1 Rb8 19. Be4 Bxe4 20.
Rxe4 Rb1+ 21. Re1 Rb2 22. g3 Rxc2 23. Bf4 Bxc3 24. Re7 Rxa2 25. Bxd6 Bd4 26.
Rxf7 a5 27. Be7 Kg8 28. Rf3 a4 29. Bf6 Bc5 30. Kg2 a3 31. Rf4 Rc2 32. Bd4 a2
33. Bf6 Rc1 34. Ra4 Rc2 35. Ba1 Rxf2+ 36. Kh3 Kf7 37. Rf4+ Rxf4 38. gxf4 Be7
0-1

[Event "Tournoi francophone 015"]
[Site "Skype"]
[Date "????.??.??"]
[Round "6.7"]
[White "Legueltel, Daniel"]
[Black "Rodier, Marc"]
[Result "1/2-1/2"]
[WhiteElo "1753"]
[BlackElo "1000"]
[PlyCount "35"]

1. d4 Nf6 2. Bf4 g6 3. e3 Bg7 4. c4 d5 5. Nc3 O-O 6. Bd3 c6 7. Nf3 Nbd7 8. h3
Re8 9. Ne5 Nxe5 10. Bxe5 Be6 11. cxd5 Nxd5 12. Bxg7 Kxg7 13. Ne4 Bf5 14. O-O e5
15. Ng3 Bxd3 16. Qxd3 exd4 17. Qxd4+ Qf6 18. Rfd1 1/2-1/2

[Event "Tournoi francophone 015"]
[Site "Skype"]
[Date "????.??.??"]
[Round "6.8"]
[White "Gadow, Martin"]
[Black "Elias, Roberto"]
[Result "1/2-1/2"]
[WhiteElo "1412"]
[BlackElo "1782"]
[PlyCount "93"]

1. d4 Nf6 2. Nf3 e6 3. g3 c5 4. dxc5 Bxc5 5. Bg2 d5 6. O-O Nc6 7. c3 a5 8. Nbd2
O-O 9. Nb3 Bb6 10. Nbd4 Qc7 11. Nxc6 bxc6 12. Bf4 Qb7 13. Qc2 Nh5 14. Ng5 g6
15. Bd2 f6 16. Nf3 e5 17. c4 Bf5 18. Qc1 e4 19. Nh4 Be6 20. c5 Bd8 21. Bh1 Rb8
22. b3 Qb5 23. Re1 Be7 24. Be3 Rfd8 25. Rd1 g5 26. Ng2 Ng7 27. Bd4 Nf5 28. e3
Nxd4 29. exd4 Bg4 30. Rd2 a4 31. Rb1 Bf5 32. Ne3 Bg6 33. b4 f5 34. f4 Kf7 35.
a3 Rg8 36. Rf2 gxf4 37. Rxf4 Bg5 38. Nxf5 Bxf4 39. Qxf4 Bxf5 40. Qxf5+ Kg7 41.
Qg5+ Kh8 42. Qe5+ Rg7 43. Rf1 Rbg8 44. Rf7 Qe2 45. Rxg7 Qe3+ 46. Kg2 Qe2+ 47.
Kg1 1/2-1/2

[Event "Tournoi francophone 015"]
[Site "Skype"]
[Date "????.??.??"]
[Round "6.9"]
[White "Sequeda Pimiento, Javier Ricardo"]
[Black "Kruk, Clementine"]
[Result "0-1"]
[WhiteElo "1419"]
[BlackElo "1293"]
[PlyCount "150"]

1. e4 e5 2. Nf3 Nc6 3. Bc4 Bc5 4. O-O Nf6 5. Nc3 d6 6. Na4 Nxe4 7. d3 Nf6 8.
Nxc5 dxc5 9. Re1 Bg4 10. h3 Bh5 11. g4 Nxg4 12. hxg4 Bxg4 13. Re4 h5 14. Bf4
Qf6 15. Kg2 O-O-O 16. Bh2 Nd4 17. Re3 h4 18. Bxe5 Bxf3+ 19. Rxf3 Qxe5 20. Rh3
Ne2 21. Kf1 Nf4 22. Qg4+ f5 23. Qf3 Nxh3 24. Qxh3 g5 25. c3 g4 26. Qh1 Rde8 27.
d4 cxd4 28. cxd4 Qxd4 29. Bb3 Qd3+ 30. Kg1 Re2 31. Rd1 Rd2 32. Re1 Rxb2 33.
Be6+ Kb8 34. Bd5 Qd2 35. Rf1 f4 36. Qe4 g3 37. Qe5 Rd8 38. Bf3 h3 39. Qe7 Qd3
40. Be4 h2+ 41. Kg2 h1=Q+ 42. Rxh1 Rxf2+ 43. Kh3 g2+ 44. Kg4 Qg3+ 45. Kf5 Rg8
46. Rg1 Qh3+ 47. Kf6 Qh4+ 48. Kf7 Qxe7+ 49. Kxe7 Rf1 50. Rxg2 Rxg2 51. Bxg2
Re1+ 52. Kf6 Kc8 53. Kf5 Kd7 54. Kxf4 Kd6 55. Bxb7 Kc5 56. Bc8 Kb4 57. Bd7 Ka3
58. Kf5 Kxa2 59. Be6+ Kb2 60. Kf6 a5 61. Ke7 a4 62. Kd7 Rxe6 63. Kxe6 a3 64.
Kd7 a2 65. Kxc7 a1=Q 66. Kb7 Qc1 67. Kb6 Qc3 68. Kb7 Kc2 69. Kb6 Kd3 70. Kb7
Kd4 71. Kb6 Kd5 72. Kb5 Qb3+ 73. Ka5 Kc5 74. Ka6 Kc6 75. Ka5 Qb5# 0-1

[Event "Tournoi francophone 015"]
[Site "Skype"]
[Date "????.??.??"]
[Round "6.10"]
[White "Megelas, Florent"]
[Black "Moumtaz, Abderrahim"]
[Result "1/2-1/2"]
[WhiteElo "1539"]
[BlackElo "1260"]
[PlyCount "60"]

1. e4 e5 2. Nf3 Nf6 3. Nc3 Nc6 4. Bc4 Bc5 5. Ng5 O-O 6. d3 Qe7 7. O-O h6 8. Nh3
d6 9. Be3 Nd4 10. Nd5 Nxd5 11. Bxd5 c6 12. Bc4 Be6 13. Bb3 Nxb3 14. axb3 Bxe3
15. fxe3 Bxh3 16. gxh3 Qg5+ 17. Kh1 Qxe3 18. Rg1 Qxh3 19. Rg3 Qe6 20. Qf3 Kh8
21. Rag1 Rg8 22. Qh5 Raf8 23. b4 d5 24. c3 Qf6 25. Rf3 Qe6 26. Rfg3 Qf6 27. Rf3
Qe7 28. Rfg3 f6 29. Qf5 g5 30. Rh3 Qh7 1/2-1/2

[Event "Tournoi francophone 015"]
[Site "Skype"]
[Date "????.??.??"]
[Round "6.11"]
[White "Quispe, Alberto"]
[Black "Harmelle, Dominique"]
[Result "0-1"]
[WhiteElo "1230"]
[BlackElo "1402"]
[PlyCount "78"]

1. d4 Nf6 2. c4 e5 3. dxe5 Ng4 4. Nf3 Nc6 5. Bf4 Bb4+ 6. Nbd2 Qe7 7. a3 Bxd2+
8. Qxd2 Ngxe5 9. Nxe5 Nxe5 10. e3 d6 11. Be2 O-O 12. O-O Bf5 13. Rad1 Rad8 14.
Qc3 b6 15. Rd2 Rd7 16. Rfd1 Rfd8 17. Bxe5 dxe5 18. Rxd7 Rxd7 19. Rxd7 Bxd7 20.
b4 c5 21. b5 e4 22. f3 f5 23. f4 Kf7 24. a4 Qd6 25. h3 Qf6 26. Qe1 Be6 27. g4
Qb2 28. Qd1 Qc3 29. Kf2 fxg4 30. Bxg4 Bxg4 31. hxg4 Qd3 32. Qxd3 exd3 33. Ke1
h6 34. Kd2 g5 35. f5 h5 36. gxh5 g4 37. h6 g3 38. Kxd3 g2 39. Ke4 g1=Q 0-1

[Event "Tournoi francophone 015"]
[Site "Skype"]
[Date "????.??.??"]
[Round "6.13"]
[White "Pouteau, Pascal"]
[Black "L'Herbon De Lussats, Jean"]
[Result "1-0"]
[WhiteElo "1345"]
[BlackElo "1259"]
[PlyCount "79"]

1. d4 Nf6 2. c4 e6 3. Nf3 c5 4. e3 cxd4 5. exd4 d5 6. Nc3 Bb4 7. Bd2 Nc6 8. Be2
O-O 9. O-O a6 10. a3 Ba5 11. b4 Bb6 12. c5 Ba7 13. Qa4 Qc7 14. Rac1 Bb8 15.
Rfe1 Nxd4 16. g3 Nc6 17. b5 Ne5 18. Nxe5 Qxe5 19. Bf4 Qf5 20. Bxb8 Rxb8 21. b6
Bd7 22. Qb4 Bc6 23. Bf1 Rbd8 24. Ne2 Ne4 25. Nf4 e5 26. Nd3 d4 27. Bg2 Rd6 28.
cxd6 Rd8 29. f3 Ng5 30. Nxe5 d3 31. Nxc6 bxc6 32. Rxc6 h5 33. b7 Nxf3+ 34. Bxf3
Qxf3 35. Rc8 h4 36. Rxd8+ Kh7 37. Qxh4+ Kg6 38. Qe4+ Qf5 39. Qxf5+ Kxf5 40.
b8=Q 1-0

[Event "Tournoi francophone 015"]
[Site "Skype"]
[Date "????.??.??"]
[Round "6.14"]
[White "De Coninck, Philippe"]
[Black "Marino, Giuseppe"]
[Result "0-1"]
[WhiteElo "1173"]
[BlackElo "1339"]
[PlyCount "54"]

1. e4 b6 2. f4 Bb7 3. Nc3 d6 4. Bc4 e6 5. Nf3 Nd7 6. d3 g6 7. Be3 Bg7 8. Qd2 a6
9. O-O-O Ne7 10. g4 c5 11. a3 b5 12. Ba2 Qa5 13. Kb1 Bxc3 14. Qxc3 Qxc3 15.
bxc3 Nb6 16. Bc1 Rd8 17. Bb2 c4 18. Rhe1 f5 19. gxf5 gxf5 20. Ng5 Bc8 21. dxc4
h6 22. Nf3 Nxc4 23. Bxc4 bxc4 24. Rd4 fxe4 25. Rdxe4 d5 26. Rd4 Nf5 27. Rd3
cxd3 0-1

[Event "Tournoi francophone 015"]
[Site "Skype"]
[Date "????.??.??"]
[Round "6.15"]
[White "Le Brun, Yves"]
[Black "Milanese, Serge"]
[Result "1-0"]
[WhiteElo "1335"]
[BlackElo "1202"]
[PlyCount "57"]

1. d4 Nf6 2. c4 d5 3. Nf3 c6 4. Qc2 g6 5. Bf4 Bg7 6. Nbd2 Bf5 7. Qb3 O-O 8. e3
Qb6 9. c5 Qxb3 10. axb3 Nbd7 11. b4 a6 12. Be2 Rfe8 13. Ne5 Nxe5 14. Bxe5 Nd7
15. Bxg7 Kxg7 16. g4 Be6 17. h4 h5 18. gxh5 Bf5 19. hxg6 Kxg6 20. Nf3 f6 21.
h5+ Kh6 22. Nh4 e6 23. Kd2 Rg8 24. Nxf5+ exf5 25. Rag1 Rg5 26. f4 Rxg1 27. Rxg1
Kh7 28. Bd3 Kh6 29. Bxf5 1-0

[Event "Tournoi francophone 015"]
[Site "Skype"]
[Date "????.??.??"]
[Round "6.16"]
[White "Codina, Teresa"]
[Black "Guillaume, Mickael"]
[Result "0-1"]
[WhiteElo "1310"]
[BlackElo "1106"]
[PlyCount "52"]

1. d4 Nf6 2. Nf3 e6 3. e3 c5 4. b3 cxd4 5. exd4 Bb4+ 6. c3 Ba5 7. Bd3 Nc6 8.
O-O d5 9. Bb2 O-O 10. Nbd2 Re8 11. Ne5 Nd7 12. Nxc6 bxc6 13. Nf3 Bc7 14. Re1 e5
15. dxe5 Nxe5 16. Nd4 c5 17. Nf3 Bg4 18. h3 Nxf3+ 19. gxf3 Rxe1+ 20. Qxe1 Bxf3
21. Qe3 Qf6 22. Qxc5 Qg5+ 23. Kf1 Bg2+ 24. Ke1 Qe5+ 25. Kd2 Bb6 26. Re1 Qf4+
0-1

[Event "Tournoi francophone 015"]
[Site "Skype"]
[Date "????.??.??"]
[Round "6.17"]
[White "Rivalta, Paolo"]
[Black "Sepulveda, Lyda Marcela"]
[Result "1/2-1/2"]
[WhiteElo "1142"]
[BlackElo "1306"]
[PlyCount "55"]

1. e4 e5 2. Nf3 Nc6 3. Bc4 Bc5 4. O-O Nf6 5. d3 d6 6. Nc3 Na5 7. Nd5 Nxc4 8.
dxc4 Nxe4 9. Qd3 Bf5 10. Bg5 Nxg5 11. Qxf5 Nxf3+ 12. Qxf3 c6 13. Nc3 O-O 14.
Rad1 f5 15. Qe2 Qe7 16. Na4 Bb4 17. a3 Ba5 18. b4 Bc7 19. c5 d5 20. c4 d4 21.
Rxd4 Rae8 22. Rd2 e4 23. Qd1 Qe5 24. f4 exf3 25. gxf3 Rd8 26. Rff2 Rxd2 27.
Qxd2 Rd8 28. Qe2 1/2-1/2